Statistiques concernant Les 15 villes de Bretagne administrative les plus peuplées (population municipale)

Cliquez ici pour prendre le quiz!

Statistiques générales

  • Ce quiz a été pris 332 fois
  • Le résultat moyen est 10 sur 15

Statistiques - réponses

PopulationVille% Correct
206 194Rennes
100%
149 649Brest
99%
63 274Quimper
97%
59 224Lorient
94%
51 759Vannes
94%
46 089Saint-Brieuc
85%
50 697Saint-Malo
85%
16 004Morlaix
59%
18 368Lannion
55%
19 435Concarneau
53%
21 798Fougères
53%
15 324Vitré
38%
15 840Douarnenez
33%
21 901Lanester
31%
18 301Ploemeur
15%

Distribution des résultats

Percentile par nombre de réponses

% des personnes avec chaque résultat

Votre développement - résultats

Vous n’avez pas pris ce quiz